| 000 | 00661nam a2200205 a 4500 | ||
|---|---|---|---|
| 999 |
_c41 _d41 |
||
| 003 | UPN | ||
| 005 | 20240821063738.0 | ||
| 008 | 991125s1951 mx 000 0 spa u | ||
| 035 | _aUPN01000000041 | ||
| 040 |
_aUPN _bspa _cUPN |
||
| 049 | _aSEP | ||
| 050 | 4 |
_aPN2314 _bN6.3 |
|
| 100 | 1 |
_aNovo, Salvador, _d1904-1974 _929403 |
|
| 245 | 1 | 0 |
_a10 Lecciones de técnica de actuación teatral / _carregladas por Salvador Novo. |
| 260 |
_aMéxico : _bSEP, Dirección General de Alfabetización y Educación Extraescolar, Departamento de Extensión Cultural, _c1951. |
||
| 300 |
_a55 p. : _bil. |
||
| 650 | 4 |
_aTeatro _zMéxico _912553 |
|
| 905 | _aLibro | ||
| 942 |
_2lcc _cLIBRO |
||